| 000 | 00622nam a22001697a 4500 | ||
|---|---|---|---|
| 008 | 160917b xxu||||| |||| 00| 0 eng d | ||
| 020 | _a0-8053-3568-4 | ||
| 082 |
_22001 _aDC 540 _bT48 |
||
| 100 |
_914753 _aTimberlake, Karen C. |
||
| 245 |
_aChemistry: _ban introduction to general, organic, and biological chemistry/ _cKaren C. Timberlake. |
||
| 250 | _a7th ediion., media update | ||
| 260 |
_aSan Francisco: _bBenjamin Cummings, _cc2001. |
||
| 300 |
_axxviii, 740 pages: _bcolor illustrations; _c28 cm. |
||
| 500 | _aIncludes bibliographical references and index. | ||
| 650 | 0 |
_914754 _aChemistry |
|
| 942 |
_2ddc _cDC |
||
| 999 |
_c4611 _d4611 |
||